Mohamed El Baz (notice n° 7785)
[ vue normale ]
| 000 -Label | |
|---|---|
| leader | 00822cam a22002893 4500 |
| 010 ## - ISBN | |
| ISBN | 9788857220123 |
| 010 ## - ISBN | |
| ISBN | 8857220125 |
| 099 ## - Informations locales | |
| Type de document | Livre |
| 100 ## - Données générales de traitement | |
| a | 20140310d2013 m y0engy50 ba |
| 101 0# - Langue | |
| langue document | français |
| 102 ## - Pays d'édition ou de production | |
| pays d'édition | Italie |
| 200 1# - Titre | |
| titre propre | Mohamed El Baz |
| type de document | Livre |
| auteur | Nadine Descendre |
| 210 ## - Editeur | |
| lieu de publication | Milano |
| nom de l'éditeur | Skira |
| date de publication | 2013 |
| 215 ## - Description | |
| Importance matérielle | 207 pages |
| autres carac. | illustrations (chiefly color) |
| format | 31 cm |
| 225 ## - collection | |
| Collection | Images affranchies |
| 300 ## - Note | |
| note | Text in English and French |
| 300 ## - Note | |
| note | Other EAN 978-88-572-1945-5 |
| 300 ## - Note | |
| note | French, English. |
| 600 ## - sujets | |
| numéro de la notice d'autorité | 13605886 |
| sujet | El Baz |
| prénom | Mohamed |
| dates | 1967-.... |
| koha internal code | 20704 |
| 676 ## - classification | |
| indice Dewey | 709.174 ELB |
| 700 ## - Auteur | |
| N° autorité | 13197667 |
| auteur | Descendre |
| prénom | Nadine |
| code de fonction | Auteur |
| koha internal code | 20705 |
| 801 #3 - source de catalogage | |
| pays | US |
| agence de catalogage | OCoLC |
| date de la transaction | 20140310 |
| règles de catalogage utilisées | UNIMARC |
| 801 #0 - source de catalogage | |
| agence de catalogage | C3L |
| pays | TN |
| date de la transaction | 20250423 |
| règles de catalogage utilisées | UNIMARC |
| 801 #0 - source de catalogage | |
| agence de catalogage | 32Bis |
| pays | TN |
| 830 ## - note | |
| catalogeur | ABA |
| Propriétaire | Dépositaire | Localisation | Code barre | Numéro Inventaire | Cote | Note | Statut |
|---|---|---|---|---|---|---|---|
| The 32bis Library | The 32bis Library | Salle de lecture 32BIS | 005913 | 5842 | 709.174 ELB | Don Nidhal Chemakh | Consultable sur place |